000 00676nam a2200289Ia 4500
005 20260324112018.0
008 008 260324s9999 xx 000 0 eng d
020 _a9781003497370
037 _aEBOOK
040 _aCRL
040 _beng
040 _cCRL
041 _2eng
041 _aeng
084 _qCRL
100 _aGjermund Forfang Rongved
_91140942
245 0 _aEuropean Total Defence
245 0 _bPast, Present and Future
260 _bTaylor and Francis
260 _c2025
365 _a
365 _b230
856 _uhttp://www.taylorfrancis.com/books/9781003497370
942 _cEBOOK
999 _c1729969
_d1729969